00301nam a2200109Ia 4500008004100000082001200041082000800053245008100061245002000142260002000162300000900182231017s9999 xx 000 0 und d a388.312 bSOB 0aFinal Report: GPS/GIS Inspection and Analysis Tools for Highway Construction 0cJohn O. Sobanjo bJohn O. Sobanjo c30cm